Catálogo
 En Linea

Transformación social de la República Dominicana en la Era de Trujillo / (Registro nro. 32985)

Detalles MARC
000 -CABECERA
campo de control de longitud fija 00591nam a2200193 a 4500
001 - NÚMERO DE CONTROL
campo de control 000033494
003 - IDENTIFICADOR DEL NÚMERO DE CONTROL
campo de control OSt
005 - FECHA Y HORA DE LA ÚLTIMA TRANSACCIÓN
campo de control 20201127095843.0
008 - DATOS DE LONGITUD FIJA--INFORMACIÓN GENERAL
campo de control de longitud fija 110830s1958 dr 000 0 spa d
040 ## - FUENTE DE LA CATALOGACIÓN
Centro catalogador/agencia de origen DO-SdBNP
Lengua de catalogación spa
Centro/agencia transcriptor BNPHU
082 ## - NÚMERO DE LA CLASIFICACIÓN DECIMAL DEWEY
Número de clasificación xxxx
Número de documento/Ítem A973t
100 1# - ENTRADA PRINCIPAL--NOMBRE DE PERSONA
Nombre de persona Aybar Mella, Ramón
9 (RLIN) 59021
245 10 - MENCIÓN DE TÍTULO
Título Transformación social de la República Dominicana en la Era de Trujillo /
Mención de responsabilidad, etc. Ramón Aybar Mella.
260 ## - PUBLICACIÓN, DISTRIBUCIÓN, ETC.
Lugar de publicación, distribución, etc. Ciudad Trujillo, República Dominicana :
Nombre del editor, distribuidor, etc. Stella,
Fecha de publicación, distribución, etc. 1958.
300 ## - DESCRIPCIÓN FÍSICA
Extensión 28 p. ;
Dimensiones 24 cm.
590 ## - NOTA LOCAL (RLIN)
Nota local Inventariado, 2020/ YL
910 ## - DATOS DE OPCIÓN DEL USUARIO (OCLC)
Datos de opción del usuario YLockward
942 ## - ELEMENTOS DE PUNTO DE ACCESO ADICIONAL (KOHA)
Fuente del sistema de clasificación o colocación Dewey Decimal Classification
Tipo de ítem Koha Folleto
Existencias
Estado de retiro Estado de pérdida Fuente del sistema de clasificación o colocación Restricciones de uso No para préstamo Código de colección Localización permanente Ubicación/localización actual Ubicación en estantería Fecha de adquisición Fuente de adquisición Número de inventario Total de préstamos Signatura topográfica completa Código de barras Fecha visto por última vez Precio válido a partir de Tipo de ítem Koha Nota pública Número de copia
    Dewey Decimal Classification Excluido de préstamo Excluido de préstamo Raros y valiosos Patrimonio Dominicano Patrimonio Dominicano En catalogación 30.08.2011 Flia. Martinez Boog LF1   33494-10 25.06.2020 25.06.2020 Folleto Perteneció a la biblioteca personal de Martínez Boog  
    Dewey Decimal Classification Excluido de préstamo Préstamo restrigido Raros y valiosos Patrimonio Dominicano Patrimonio Dominicano En catalogación 30.08.2013 Flia. Reyes Duluc LF1   2020-0599 27.11.2020 25.06.2020 Folleto Perteneció a la biblioteca personal de la Flia. Reyes Duluc e. 2

Con tecnología Koha